000 00916nam a22002777a 4500
003 URS
005 20260319152939.0
008 260216t ph ||||| |||| 001 0 eng d
020 _a9786210450439
040 _aDLC
_beng
_cDLC
_dDLC
_dURS
_erda
050 _aHD 58.8
_bSy1 2024
100 _aSy, Maria Victoria U.
_eauthor.
245 _aOrganizational development /
_cMaria Victoria U. Sy.
264 _aSampaloc, Manila :
_bRex Book Store, Inc.,
_c[2024]
300 _axii, 192 pages ;
_c25 cm.
336 _2rdacontent
_atext
_btxt
337 _2rdamedia
_aunmediated
_bn
338 _2rdacarrier
_avolume
_bnc
504 _aIncludes bibliographical references (pages 185-186), glossary, and indexes.
650 _aIndustrial management
_zPhilippines.
650 _aOrganizational change
650 _aOrganizational effectiveness
650 _aCorporate culture.
650 _aLeadership.
942 _2lcc
_cF
999 _c98769
_d98766